Normal view
MARC view
- Yamamura, Sakae
Entry Personal Name
001 - CONTROL NUMBER
- control field: 110418
003 - CONTROL NUMBER IDENTIFIER
- control field: NUST
005 - DATE AND TIME OF LATEST TRANSACTION
- control field: 20230316123550.0
008 - FIXED-LENGTH DATA ELEMENTS
- fixed length control field: 230316|| aca||aabn | a|a d
040 ## - CATALOGING SOURCE
- Original cataloging agency: NUST
- Transcribing agency: NUST
100 ## - HEADING--PERSONAL NAME
- Personal name: Yamamura, Sakae
670 ## - SOURCE DATA FOUND
- Source citation: Work cat.: (NUST)183571: Yamamura, Sakae , Theory of Linear Induction Motors /, 1972
